000 00529nam a2200181 a 4500
005 20260108063957.0
008 991125s1957 mx 000 0 spa u
035 _aUPN01000043762
049 _aCG
050 4 _aJF2051
_bD8.68
100 1 _aDuverger, Maurice,
_d1917-
_930551
245 1 4 _aLos partidos políticos /
_cMaurice Duverger ; tr. Julieta Campos.
260 _aMéxico :
_bFCE,
_c1957.
300 _a459 p. :
_bil.
440 0 _aSección de obras de política
650 2 _aPartidos políticos
_921252
905 _aLibro
999 _c43762
_d43762